Normal view
MARC view
- Miller, Frederic H
Entry Personal Name
001 - CONTROL NUMBER
- control field: 39021
003 - CONTROL NUMBER IDENTIFIER
- control field: NUST
005 - DATE AND TIME OF LATEST TRANSACTION
- control field: 20210314131326.0
008 - FIXED-LENGTH DATA ELEMENTS
- fixed length control field: 210314|| aca||aabn | a|a d
040 ## - CATALOGING SOURCE
- Original cataloging agency: NUST
- Transcribing agency: NUST
100 ## - HEADING--PERSONAL NAME
- Personal name: Miller, Frederic H
670 ## - SOURCE DATA FOUND
- Source citation: Work cat.: (NUST): Reddick, Harry W. 39020, Advanced mathematics for engineers,, 1938.
